Normal view
MARC view
- اللغة العربية-النحو-الصرف
Entry Topical Term
001 - CONTROL NUMBER
- control field: 10293
003 - CONTROL NUMBER IDENTIFIER
- control field: JO-AjAnu
005 - DATE AND TIME OF LATEST TRANSACTION
- control field: 20230606071943.0
008 - FIXED-LENGTH DATA ELEMENTS
- fixed length control field: 230606|| aca||aabn | a|a d
040 ## - CATALOGING SOURCE
- Original cataloging agency: JO-AjAnu
- Transcribing agency: JO-AjAnu
150 ## - HEADING--TOPICAL TERM
- Topical term or geographic name entry element: اللغة العربية-النحو-الصرف
670 ## - SOURCE DATA FOUND
- Source citation: Work cat.: (JO-AjAnu)5301: أبو النصر،حمزة حمزة, author 10292, تيسير النحو والصرف: فوائد مجموعة في النحو والصرف واللغة